Nonlocal one-dimensional Fisher-Kolmogorov-Petrovskii-Piskunov equation with abnormal diffusion; Методология проектирования молодежного научно-инновационного пространства как основа подготовки современного инженера

Bibliografiske detaljer
Parent link:Методология проектирования молодежного научно-инновационного пространства как основа подготовки современного инженера.— 2014.— [С. 176-181]
Hovedforfatter: Prozorov A. A. Alexander Andreevich
Corporate Authors: Национальный исследовательский Томский политехнический университет (ТПУ) Физико-технический институт (ФТИ) Кафедра высшей математики и математической физики (ВММФ), Национальный исследовательский Томский политехнический университет (ТПУ) Физико-технический институт (ФТИ) Кафедра иностранных языков физико-технического института (ИЯФТ)
Andre forfattere: Isakov A. D. (научный руководитель), Trifonov A. Yu. Andrey Yurievich, Kabrysheva O. P. Oksana Pavlovna
Summary:Заглавие с экрана
Analytical solutions are constructed for the nonlocal space fractional Fisher-Kolmogorov-Petrovskii- Piskunov equation with abnormaldiffusion. Such solutions allow us to describe quasi-steady state patterns. Special attention is given to the role of fractional derivative. Fractional diffusion equations are useful for applications in which a cloud of particles spreads faster than predicted by the classical equation. The resulting solutions spread faster than the classical solutions and may exhibit asymmetry, depending on the fractional derivative used. Results of numerical simulations and properties of analytical solutions are presented. Influence of the fractional derivative on patterns ordered in space and time is discussed.
Sprog:engelsk
Udgivet: 2014
Serier:Integrity of traditions and innovations as the basis for the development of modern engineering science
Fag:
Online adgang:http://earchive.tpu.ru/handle/11683/65004
http://www.lib.tpu.ru/fulltext/c/2014/C07/039.pdf
Format: Electronisk Book Chapter
KOHA link:https://koha.lib.tpu.ru/cgi-bin/koha/opac-detail.pl?biblionumber=607954

MARC

LEADER 00000naa2a2200000 4500
001 607954
005 20260316143717.0
035 |a (RuTPU)RU\TPU\conf\5360 
035 |a RU\TPU\conf\5354 
090 |a 607954 
100 |a 20140906d2014 k y0rusy50 ba 
101 0 |a eng 
102 |a RU 
135 |a drgn ---uucaa 
181 0 |a i  
182 0 |a b 
200 1 |a Nonlocal one-dimensional Fisher-Kolmogorov-Petrovskii-Piskunov equation with abnormal diffusion  |f A. A. Prozorov, A. D. Isakov  |g Sci. adv. A. Yu. Trifonov, O. P. Kabrysheva 
203 |a Текст  |c электронный 
215 |a 1 файл (772 Кб) 
225 1 |a Integrity of traditions and innovations as the basis for the development of modern engineering science 
300 |a Заглавие с экрана 
320 |a [Библиогр.: с. 181 (8 назв.)] 
330 |a Analytical solutions are constructed for the nonlocal space fractional Fisher-Kolmogorov-Petrovskii- Piskunov equation with abnormaldiffusion. Such solutions allow us to describe quasi-steady state patterns. Special attention is given to the role of fractional derivative. Fractional diffusion equations are useful for applications in which a cloud of particles spreads faster than predicted by the classical equation. The resulting solutions spread faster than the classical solutions and may exhibit asymmetry, depending on the fractional derivative used. Results of numerical simulations and properties of analytical solutions are presented. Influence of the fractional derivative on patterns ordered in space and time is discussed. 
337 |a Adobe Reader 
463 1 |0 (RuTPU)RU\TPU\conf\3581  |t Методология проектирования молодежного научно-инновационного пространства как основа подготовки современного инженера  |l Strategy design of youth science and innovation environment for modern engineer training  |o сборник научных трудов Международной молодежной научной школы, г. Томск, 2 - 4 апреля 2014 г.  |f Национальный исследовательский Томский политехнический университет (ТПУ) ; под ред. В. В. Верхотуровой и др.  |v [С. 176-181]  |d 2014 
610 1 |a электронный ресурс 
610 1 |a труды учёных ТПУ 
610 1 |a нелокальные уравнения 
610 1 |a одномерные уравнения 
610 1 |a аномальная диффузия 
610 1 |a дробные уравнения 
610 1 |a дробные производные 
700 1 |a Prozorov  |b A. A.  |c mathematician  |c Laboratory assistant of Tomsk Polytechnic University  |f 1994-  |g Alexander Andreevich  |3 (RuTPU)RU\TPU\pers\32696 
701 1 |a Isakov  |b A. D. 
702 1 |a Trifonov  |b A. Yu.  |c physicist, mathematician  |c Professor of Tomsk Polytechnic University, Doctor of physical and mathematical sciences  |f 1963-  |g Andrey Yurievich  |4 727 
702 1 |a Kabrysheva  |b O. P.  |c linguist  |c Senior Lecturer of Tomsk Polytechnic University  |f 1976-  |g Oksana Pavlovna  |4 727  |9 16568 
712 0 2 |a Национальный исследовательский Томский политехнический университет (ТПУ)  |b Физико-технический институт (ФТИ)  |b Кафедра высшей математики и математической физики (ВММФ)  |3 (RuTPU)RU\TPU\col\18727 
712 0 2 |a Национальный исследовательский Томский политехнический университет (ТПУ)  |b Физико-технический институт (ФТИ)  |b Кафедра иностранных языков физико-технического института (ИЯФТ)  |3 (RuTPU)RU\TPU\col\18736 
801 1 |a RU  |b 63413507  |c 20101016 
801 2 |a RU  |b 63413507  |c 20210401  |g RCR 
856 4 |u http://earchive.tpu.ru/handle/11683/65004 
856 4 |u http://www.lib.tpu.ru/fulltext/c/2014/C07/039.pdf 
942 |c BK